01538 2200409 4500001002100000005001500021035002000036007000300056008004100059020002200100040002200122082001700144084001900161090002300180090002200203100002900225245031900254250002600573300003100599650003100630700002500661700002400686700003500710700002700745700004000772700002900812700003100841700003000872850001200902264004500914336002100959337003000980338002301010999002201033710005101055990002201106INLIS00000000085480320200305100129 a0010-0320000130ta200305s2019 yoi g 1 ind d a978-623-7089-54-4 aYOPDYOGbinderda04223a899.2214 a899.2214 HID j aDEP 899.2214 HID j aCB-D.11 2019-22310 aHidayanti Utamiepenulis1 aJasamu, tak terbalaskan :bantologi esai mahasiswa prodi bimbingan konseling islam (BKI) 2019 fakultas dakwah & komunikasi UIN Sunan Kalijaga /cHidayanti Utami, Alya Nabila, Nur Amalia, Iqbal Hadi Dalimunthe, Maulida Mazia, Nabila Rizqillah Salsabila, Rara Eka Yurika, Rossila Firdauszi; penyunting, Muhsin Kalida aCetakan pertama, 2019 axxii, 374 halaman ;c20 cm 4aEsai Indonesia--xkumpulan0 aAlya Nabilaepenulis aNur Amaliaepenulis aIqbal Hadi Dalimuntheepenulis aMaulida Maziaepenulis aNabila Rizqillah Salsabilaepenulis aRara Eka Yurikaepenulis aRossila Firdausziepenulis aMuhsin Kalidaepenyunting aYOPDYOG31aYogyakarta :bLembaga Ladang Kata,c2019 2rdacontentateks 2rdamediaatanpa perantara 2rdacarrieravolume aCB-D.11 2019-22312 aLaboratorium BKI UIN Sunan Kalijaga Yogyakarta aCB-D.11/2019-2231